Angol v3.1 - Statistics

General Stats
  • This quiz has been taken 296 times
    7 since last reset
  • The average score is 66 of 129
Answer Stats
Polski Angielski % Correct
bateria,akumulator battery
100%
aparatfotograficzny,kamera camera
100%
ładowarka charger
100%
urządzenie device
100%
aparatcyfrowy digitalCamera
100%
wyczerpaćsię(obaterii) goFlat
100%
telefonkomórkowy mobilePhone
100%
model model
100%
wtyczka plug
100%
kierowaćpilotanaTV pointTheRemoteAtTheTv
100%
smartfon smartphone
100%
działać work
100%
anonimowo anonymously
50%
archeologia archaeology
50%
sztucznainteligencja artificialIntelligence
50%
załączać attach
50%
załącznik attachment
50%
robićkopięplików backUpFiles
50%
byćwdobrymstanie beInWorkingOrder
50%
byćodłączonymodsieci beOffline
50%
byćpodłączonymdosieci beOnline
50%
nadawaćnatejsamejfali beOnTheSameWavelength
50%
biologia biology
50%
zepsućsię breakDown
50%
przełom breakthrough
50%
łączeszerokopasmowe broadband
50%
przeglądarka browser
50%
zmieniaćkanały changeChannels
50%
chemia chemistry
50%
klikaćwlink clickOnALink
50%
zbiegokoliczności coincidence
50%
informatyka computerScience
50%
połączyćcośzczymś connectSthToSth
50%
łączyćzinternetem connectToTheInternet
50%
zawiesićsię crash
50%
bazadanych database
50%
osobaswobodnieposługującasiętechnologiami digitalNative
50%
odkryćleknaraka discoverACureForCancer
50%
robićbadania doResearch
50%
pobraćplik downloadAFile
50%
ekonomia economics
50%
urządzenieelektroniczne electronicDevice
50%
silnik engine
50%
inżynier engineer
50%
czytnikebooków eReader
50%
badaćkosmos exploreSpace
50%
wadliwy faulty
50%
zaporaantywirusowa firewall
50%
dyskflash flashDrive
50%
robotkuchenny foodProcessor
50%
gadżet gadget
50%
konsoladogier gamesConsole
50%
genetyka genetics
50%
geologia geology
50%
załapaćosocichodzi getTheHangOfSth
50%
źlecośzrozumieć getYourWiresCrossed
50%
grawitacja gravity
50%
włamywaćsiędośrodka hackIntoSbsComputer
50%
dysktwardy hardDrive
50%
sprzętkomputerowy hardware
50%
słuchawki headphones
50%
najnowocześniejszy highTech
50%
agd householdAppliance
50%
nielegalny illegal
50%
nieczytelny illegible
50%
niecierpliwy impatient
50%
niemożliwy impossible
50%
instalować install
50%
dostępdointernetu internetAccess
50%
uzależnienieodinternetu internetAddiction
50%
wynalazek invention
50%
wynalazca inventor
50%
niewidoczny invisible
50%
nieodpowiedzialny irresponsible
50%
tonietakietrudne itsNotRocketScience
50%
klawiatura keyboard
50%
laptop laptop
50%
zmieniającyżycie lifeChanging
50%
językoznawstwo linguistics
50%
zalogowaćsię logOntoAnEmailAccount
50%
sprawdzaćwinternecie lookSthUpOnTheInternet
50%
maszyna machine
50%
wydawaćdziwnedźwięki makeAFunnyNoise
50%
instrukcjaobsługi manual
50%
matematyka mathematics
50%
monitor monitor
50%
myszka mouse
50%
zepsuty(np.owindzie) outOfOrder
50%
kserokopiarka photocopier
50%
fizyka physics
50%
graćwgry playGames
50%
zasilacz powerCord
50%
naciskaćprzycisk pressTheButton
50%
prywatność privacy
50%
psychologia psychology
50%
zamknąćprojekt pullThePlugOnSth
50%
zapoznawaćsięzinstrukcją readTheInstructions
50%
pilot remoteControl
50%
zdalnie remotely
50%
wyjmowaćbaterię removeTheBattery
50%
wymieniać replace
50%
nawigacjasatelitarna satnav
50%
nauka science
50%
naukowiec scientist
50%
wyszukiwarka searchEngine
50%
przeszukiwaćbazę searchTheDatabase
50%
wysyłaće-maile sendEmails
50%
wysyłaćesemesy sendTextMessages
50%
punktserwisowy serviceCentre
50%
portalspołecznościowy socialNetworkingSite
50%
kontakt,gniazdko socket
50%
oprogramowanie software
50%
odinstalować uninstall
50%
małoprawdopodobny unlikely
50%
niepotrzebny unnecessary
50%
przesłaćplik uploadAFile
50%
wirus virus
50%
stronainternetowa website
50%
wifi wifi
50%
bezprzewodowy wireless
50%
ładowaćtelefon chargeYourPhone
0%
czatowaćzprzyjaciółmi chatToFriends
0%
klikaćikonę clickOnAnIcon
0%
podłączyćsiędointernetu getOnline
0%
wkładaćcoś insertSthIntoSth
0%
słuchaćmuzyki listenToMusic
0%
dzwonić makePhoneCalls
0%
włączaćdokontaktu plugSthIn
0%
wpisaćhasło typeInYourPassword
0%
No matching quizzes found
Score Distribution
Percent of People with Each Score
Percentile by Number Answered
Your Score History
You have not taken this quiz since the last reset